Sports Quiz

Random Sports or Country Quiz

Foreign inter players since 1990 Quiz Stats

 Plays Quiz not verified by Sporcle

Score 0/128 Timer 15:00
0 Plays Today
names % Correct
Samuel Eto'o
92.9%
Javier Zanetti
91%
Dejan Stankovic
88.6%
Ivan Cordoba
88.3%
Ronaldo
87.8%
Zlatan Ibrahimovic
87.3%
Esteban Cambiasso
85.9%
Wesley Sneijder
85.7%
Goran Pandev
85.7%
Julio Cesar
85.3%
Maicon
83%
Luis Figo
82.5%
Emre Belozoglu
81.4%
Alvaro Recoba
80.9%
Ivan Zamorano
80.8%
Cristian Chivu
80.6%
Lucio
79.3%
Walter Samuel
78.4%
Diego Milito
77.6%
Robbie Keane
77.1%
Obafemi Martins
74.4%
Patrick Vieira
74%
Hakan Sukur
73.2%
Sulley Muntari
72.8%
Adriano
72.3%
Youri Djorkaeff
72.3%
Jurgen Klinsmann
72.3%
Hernan Crespo
71%
Dennis Bergkamp
70.2%
Lothar Matthaus
69.2%
Cesar
69.1%
Cesar Aparedico Rodrigues
69.1%
Clarence Seedorf
65.9%
Mohamed Kallon
65.5%
David Suazo
65.1%
McDonald Mariga
64.9%
Julio Cruz
64.1%
Taribo West
63%
Laurent Blanc
62.8%
Ricardo Quaresma
62.8%
Andreas Brehme
62.5%
Andy van der meyde
61.1%
Giorgos Karagounis
60.7%
names % Correct
Okan Buruk
57.4%
Nwankwo Kanu
57.4%
Paul Ince
57.4%
Edgar Davids
57.2%
Roberto Carlos
56.3%
Aron Winter
56.1%
Juan Sebastian Veron
55.9%
Sinisa Mihajlovic
55.4%
Adrian Mutu
55.3%
Joel Obi
54.8%
Kily Gonzalez
53.8%
Olivier Dacourt
52.7%
Dario Simic
51.9%
Nicolas Burdisso
51.6%
Sebastien Frey
51.4%
Thomas Helveg
51.3%
Benoit Cauet
50.2%
Francisco Farinos
49.5%
Vratislav Gresko
49.4%
Grigorios Georgatos
49.2%
Thiago Motta
48.9%
Sergio Conceicao
48.7%
Maxwell
48.2%
Mariano Gonzalez
47.9%
Diego Simeone
47.4%
Marko Arnautovic
46.6%
Wim Jonk
44.9%
Gabriel Batistuta
44.6%
Santiago Solari
44.1%
Mancini
42.6%
Vladimir Jugovic
40.7%
Ciriaco Sforza
40.7%
Pierre Wome
40.4%
Darko Pancev
40.4%
David Pizarro
39.9%
Matias Almeyda
39.3%
Ruben Sosa
38.8%
Matthias Sammer
37.7%
Carlos Gamarra
36.2%
Philippe Coutinho
35.7%
Stephane Dalmat
35.4%
Nelson Rivas
34.5%
Martín Rivas
34.5%
names % Correct
Vampeta
34.3%
Khalilou Fadiga
33.7%
Paulo Sousa
33.2%
Mikael Silvestre
33.2%
Maniche
32.4%
Luis Jimenez
32.2%
Rene Krhin
32.1%
Fabian Carini
31.1%
Ze Maria
31.1%
Ze Elias
31.1%
Igor Shalimov
31.1%
Andres Guglielminpietro
29.5%
Lampros Choutos
28.5%
Nelson Vivas
28%
Cyril Domoraud
27.7%
Jonathan Biabiany
26.9%
Jocelyn Angloma
24.8%
Gonzalo Sorondo
24.5%
Victor Obinna
24%
Ousmane Dabo
24%
Sabri Lamouchi
23.9%
Pele
23.6%
Zoumana Camara
19.7%
Jeremie Brechet
19.2%
Vid Belec
19.1%
Sebastián Rambert
18.6%
Attila Filkor
16.7%
Caio
14.3%
Luciano
13.9%
Antonio Pacheco
13.8%
Gilberto
12.5%
Tijani Belaid
12%
Goran Slavkovski
12%
Kerlon
10.7%
Nwankwo Obiora
10.4%
Alen Stevanovic
10.1%
Ibrahim Maaroufi
9.9%
Abdoulaye Diarra
9.9%
Sixto Peralta
7.9%
Ivan Fatic
7.7%
Mathieu Moreau
5.6%
Guilherme Siqueira
1.1%

You're not logged in!

Compare scores with friends on all Sporcle quizzes.
OR
Log In

Show Comments

Extras

Created Oct 12, 2010ReportNominate
Tags:Country Quiz, 1990, foreign, inter, player

Top Quizzes Today


Score Distribution

Your Account Isn't Verified!

In order to create a playlist on Sporcle, you need to verify the email address you used during registration. Go to your Sporcle Settings to finish the process.

Report this User

Report this user for behavior that violates our Community Guidelines.

Details: